[Event "Olimpiada de Khanty-Mansiysk 2010"]
[Site "Khanty-Mansiysk RUS"]
[Date "2010.09.30"]
[Round "9"]
[White "Liu, Yeh Yang"]
[Black "Lee, Kiyul"]
[Result "1-0"]
[WhiteElo "1818"]
[BlackElo "1971"]
[PlyCount "77"]
[EventDate "2010.09.21"]
[EventType "team"]
[EventRounds "11"]
[EventCountry "RUS"]
[Source "lmi"]
[SourceDate "2010.09.21"]
[WhiteTeam "TPE"]
[BlackTeam "Corea"]
[BlackTeamCountry "KOR"]

1. e4 e5 2. Nf3 Nc6 3. d4 exd4 4. Nxd4 Bc5 5. Be3 Qf6 6. c3 Nge7 7. Bc4 Ne5 8.
Be2 Qg6 9. O-O Bb6 10. Nd2 d6 11. f4 N5c6 12. f5 Qf6 13. N2f3 Ne5 14. Kh1 h6
15. Nb5 Bxe3 16. Nxc7+ Kd8 17. Nxa8 Bd7 18. Qb3 Kc8 19. Qa3 Kb8 20. Rad1 Bc5
21. b4 Be3 22. c4 Ng4 23. c5 Nc8 24. Ne5 Nxe5 25. Qxe3 Kxa8 26. Rd2 h5 27. a4
Ng4 28. Qg3 Ne5 29. b5 dxc5 30. Rd5 Re8 31. Rxc5 Nd6 32. Bf3 Nxf3 33. gxf3 h4
34. Qf2 g6 35. Rc7 Bc8 36. Rfc1 gxf5 37. Qc5 Qe6 38. e5 Qxe5 39. Qxe5 1-0

[Event "Olimpiada de Khanty-Mansiysk 2010"]
[Site "Khanty-Mansiysk RUS"]
[Date "2010.09.30"]
[Round "9"]
[White "Chogdov, Munkhbat"]
[Black "Lin, Chieh-Sheng Jason"]
[Result "1-0"]
[WhiteElo "2236"]
[BlackElo "1736"]
[PlyCount "97"]
[EventDate "2010.09.21"]
[EventType "team"]
[EventRounds "11"]
[EventCountry "RUS"]
[Source "lmi"]
[SourceDate "2010.09.21"]
[WhiteTeam "Corea"]
[BlackTeam "TPE"]
[WhiteTeamCountry "KOR"]

1. c4 Nf6 2. Nc3 g6 3. g3 Bg7 4. Bg2 O-O 5. e3 c5 6. Nge2 Nc6 7. O-O d6 8. d4
Bd7 9. b3 Qc8 10. Re1 Bh3 11. Bh1 Bg4 12. Bb2 a6 13. Qd2 Rb8 14. Rac1 Re8 15.
dxc5 dxc5 16. f3 Be6 17. e4 Rd8 18. Nd5 b6 19. Nef4 Qb7 20. Red1 Ne8 21. Bxg7
Nxg7 22. Qe3 Nd4 23. Bg2 Rbc8 24. h4 Bxd5 25. Nxd5 Nh5 26. f4 e6 27. Nc3 Qe7
28. Bh3 b5 29. cxb5 axb5 30. e5 Ra8 31. Rd2 Ra7 32. Ne4 Rc7 33. Rcd1 Rcd7 34.
g4 f5 35. exf6 Nxf6 36. Nxf6+ Qxf6 37. g5 Qe7 38. Kh1 Rd6 39. Qe5 Qb7+ 40. Bg2
Qf7 41. b4 R8d7 42. bxc5 Nc6 43. Qxd6 Rxd6 44. Rxd6 Ne7 45. Rd8+ Kg7 46. R1d7
e5 47. fxe5 Qe6 48. c6 Qxe5 49. Rxe7+ 1-0

[Event "Olimpiada de Khanty-Mansiysk 2010"]
[Site "Khanty-Mansiysk RUS"]
[Date "2010.09.30"]
[Round "9"]
[White "Ho, Men-Wei"]
[Black "Jung, Young Hoon"]
[Result "0-1"]
[WhiteElo "1536"]
[BlackElo "1923"]
[PlyCount "62"]
[EventDate "2010.09.21"]
[EventType "team"]
[EventRounds "11"]
[EventCountry "RUS"]
[Source "lmi"]
[SourceDate "2010.09.21"]
[WhiteTeam "TPE"]
[BlackTeam "Corea"]
[BlackTeamCountry "KOR"]

1. e4 c5 2. Nf3 Nc6 3. d4 cxd4 4. Nxd4 Nf6 5. Nc3 e6 6. Be3 Bb4 7. f3 Qa5 8.
Qd2 d5 9. Nb3 Qc7 10. exd5 Nxd5 11. a3 Bxc3 12. bxc3 Qe5 13. Kf2 O-O 14. Bd4
Qh5 15. Be2 e5 16. Be3 Rd8 17. Bd3 Kh8 18. g4 Qh4+ 19. Kg2 Bxg4 20. fxg4 Qxg4+
21. Kf2 e4 22. Be2 Qh4+ 23. Kg1 Nf4 24. Bxf4 Rxd2 25. Bxd2 Re8 26. Be3 Re6 27.
Bf2 Rg6+ 28. Bg3 Rxg3+ 29. hxg3 Qxg3+ 30. Kf1 e3 31. Bd3 Qf2# 0-1

[Event "Olimpiada de Khanty-Mansiysk 2010"]
[Site "Khanty-Mansiysk RUS"]
[Date "2010.09.30"]
[Round "9"]
[White "Gauci, Joseph"]
[Black "Croes, Octavio"]
[Result "1-0"]
[WhiteElo "2099"]
[BlackElo "1951"]
[PlyCount "65"]
[EventDate "2010.09.21"]
[EventType "team"]
[EventRounds "11"]
[EventCountry "RUS"]
[Source "lmi"]
[SourceDate "2010.09.21"]
[WhiteTeam "Malta"]
[BlackTeam "ARU"]
[WhiteTeamCountry "MLT"]

1. Nf3 c5 2. c4 Nc6 3. g3 g6 4. d4 cxd4 5. Nxd4 Bg7 6. Nb5 d6 7. Bg2 Nf6 8.
N1c3 O-O 9. O-O a6 10. Na3 Bd7 11. Bd2 Rb8 12. Rc1 Nd4 13. e3 Nc6 14. h3 Ne5
15. Qe2 Qc8 16. Kh2 Bc6 17. e4 e6 18. Rfd1 Rd8 19. Bg5 Nfg4+ 20. hxg4 Rd7 21.
Be3 Rc7 22. f4 Nd7 23. Rxd6 Bf8 24. e5 Bxg2 25. Qxg2 b5 26. Ne4 b4 27. Nb1 Bxd6
28. Nxd6 Qf8 29. g5 Nc5 30. Bxc5 Rxc5 31. Nd2 Ra5 32. Ra1 Qd8 33. Nb3 1-0

[Event "Olimpiada de Khanty-Mansiysk 2010"]
[Site "Khanty-Mansiysk RUS"]
[Date "2010.09.30"]
[Round "9"]
[White "Tromp, Rigoberto"]
[Black "Vella, Duncan"]
[Result "1/2-1/2"]
[WhiteElo "1992"]
[BlackElo "2041"]
[PlyCount "40"]
[EventDate "2010.09.21"]
[EventType "team"]
[EventRounds "11"]
[EventCountry "RUS"]
[Source "lmi"]
[SourceDate "2010.09.21"]
[WhiteTeam "ARU"]
[BlackTeam "Malta"]
[BlackTeamCountry "MLT"]

1. d4 d5 2. Nf3 Nf6 3. c4 c6 4. e3 Bf5 5. Nc3 e6 6. Be2 Nbd7 7. O-O Bd6 8. h3
O-O 9. c5 Bc7 10. b4 e5 11. dxe5 Nxe5 12. Nd4 Bd7 13. Qc2 Qe7 14. Bb2 Rfe8 15.
Rfe1 h6 16. Rad1 b6 17. Nb1 bxc5 18. bxc5 Ne4 19. Rc1 Ba5 20. Rf1 Rab8 1/2-1/2

[Event "Olimpiada de Khanty-Mansiysk 2010"]
[Site "Khanty-Mansiysk RUS"]
[Date "2010.09.30"]
[Round "9"]
[White "Chipanga, Chiletso"]
[Black "Koggala, W S V K."]
[Result "1/2-1/2"]
[WhiteElo "2138"]
[BlackElo "2026"]
[PlyCount "120"]
[EventDate "2010.09.21"]
[EventType "team"]
[EventRounds "11"]
[EventCountry "RUS"]
[Source "lmi"]
[SourceDate "2010.09.21"]
[WhiteTeam "MAW"]
[BlackTeam "Sri Lanka"]
[BlackTeamCountry "SRI"]

1. e4 e5 2. Bc4 Nf6 3. Nf3 Nc6 4. O-O Nxe4 5. d4 d5 6. Bb5 exd4 7. Nxd4 Bd7 8.
Bxc6 bxc6 9. f3 Nc5 10. Re1+ Ne6 11. b3 Bc5 12. Kh1 O-O 13. Bb2 Nxd4 14. Bxd4
Bd6 15. Nd2 Bxh2 16. Nf1 Bd6 17. Qd2 Qh4+ 18. Kg1 Qh5 19. Qf2 a6 20. Re2 Rfe8
21. Rae1 f6 22. a4 Rxe2 23. Rxe2 Re8 24. Rxe8+ Qxe8 25. Qd2 c5 26. Bf2 d4 27.
Qd3 Qc8 28. Ng3 f5 29. c3 Be5 30. Qc4+ Be6 31. Qxc5 Bxg3 32. Bxg3 d3 33. Qd4
Qd7 34. Qxd7 Bxd7 35. Kf2 Be6 36. c4 c6 37. Ke3 Kf7 38. Kxd3 Bc8 39. Kd4 Ke6
40. Kc5 Kd7 41. Kb6 g5 42. Be5 Ke6 43. Bb8 Kd7 44. g3 h5 45. a5 h4 46. gxh4
gxh4 47. Bh2 h3 48. Bf4 c5 49. Kxc5 Bb7 50. Kb6 Bxf3 51. Kxa6 Kc6 52. Bh2 Kc5
53. Bg1+ Kc6 54. b4 Be2 55. b5+ Kd7 56. Bh2 Bxc4 57. Kb6 Kc8 58. a6 Bd3 59. Ka5
Bf1 60. Kb6 Bd3 1/2-1/2

[Event "Olimpiada de Khanty-Mansiysk 2010"]
[Site "Khanty-Mansiysk RUS"]
[Date "2010.09.30"]
[Round "9"]
[White "Celis, Solomon B"]
[Black "Shobaita, Talal"]
[Result "1-0"]
[WhiteElo "1985"]
[BlackElo "2160"]
[PlyCount "81"]
[EventDate "2010.09.21"]
[EventType "team"]
[EventRounds "11"]
[EventCountry "RUS"]
[Source "lmi"]
[SourceDate "2010.09.21"]
[WhiteTeam "Macao"]
[BlackTeam "Palestina"]
[WhiteTeamCountry "MAC"]
[BlackTeamCountry "PLE"]

1. e4 c5 2. Nf3 a6 3. a4 d6 4. d4 cxd4 5. Nxd4 Nf6 6. Nc3 e5 7. Nf3 Be7 8. Bc4
O-O 9. O-O Nc6 10. h3 Be6 11. Bb3 Rc8 12. Re1 Bxb3 13. cxb3 Nb4 14. Nh4 g6 15.
Bh6 Re8 16. Rc1 Kh8 17. Nf3 Bf8 18. Bg5 Bg7 19. Qd2 Rc6 20. Nb5 Rxc1 21. Rxc1
axb5 22. Qxb4 bxa4 23. bxa4 Qb8 24. Qc4 Kg8 25. b4 h6 26. Be3 Rd8 27. Bb6 Rd7
28. a5 Kh7 29. Rd1 d5 30. exd5 e4 31. Ne1 Qe5 32. d6 Ne8 33. Bc5 f5 34. Nc2
Nxd6 35. Qd5 Qe8 36. Ne3 f4 37. Nc4 Nxc4 38. Qxd7 Qb8 39. Qe7 Qe5 40. Qxe5 Nxe5
41. Bd4 1-0

[Event "Olimpiada de Khanty-Mansiysk 2010"]
[Site "Khanty-Mansiysk RUS"]
[Date "2010.09.30"]
[Round "9"]
[White "Gemy, Jose Daniel"]
[Black "Paiva, Donaldo"]
[Result "1-0"]
[WhiteElo "2325"]
[BlackElo "2138"]
[PlyCount "103"]
[EventDate "2010.09.21"]
[EventType "team"]
[EventRounds "11"]
[EventCountry "RUS"]
[Source "lmi"]
[SourceDate "2010.09.21"]
[WhiteTeam "Bolivia"]
[BlackTeam "Mozambique"]
[WhiteTeamCountry "BOL"]
[BlackTeamCountry "MOZ"]

1. Nf3 Nf6 2. b3 d5 3. d4 c5 4. e3 cxd4 5. exd4 Nc6 6. c3 Bg4 7. h3 Bh5 8. Be2
e6 9. O-O Qc7 10. Be3 Be7 11. c4 O-O 12. Nbd2 Rfd8 13. a3 Rac8 14. c5 Ne4 15.
b4 Nc3 16. Qe1 Nxe2+ 17. Qxe2 Bf6 18. g4 Bg6 19. b5 Nb8 20. g5 Be7 21. Rfc1 Bf5
22. Kg2 f6 23. gxf6 Bxf6 24. Bg5 Kh8 25. Qe3 Rg8 26. Bf4 Qf7 27. Ne5 Bxe5 28.
Bxe5 Nd7 29. Bd6 Nf6 30. Rc3 Be4+ 31. Kf1 Qh5 32. Ke1 Bf5 33. Qf3 Qh4 34. Qf4
Qh5 35. Qg3 Rce8 36. c6 bxc6 37. bxc6 e5 38. Bxe5 Qh6 39. Re3 Re6 40. Rc1 Ne4
41. Nxe4 Bxe4 42. c7 Ree8 43. Qg4 Rc8 44. Rec3 Qg6 45. Qxg6 hxg6 46. Rb3 Bf5
47. h4 Rge8 48. Rb5 Be6 49. a4 Kg8 50. Rb7 Ra8 51. Rb8 Kf7 52. c8=Q 1-0

[Event "Olimpiada de Khanty-Mansiysk 2010"]
[Site "Khanty-Mansiysk RUS"]
[Date "2010.09.30"]
[Round "9"]
[White "Cossa, Pedro Ventura"]
[Black "Borda, Alan"]
[Result "0-1"]
[WhiteElo "2010"]
[BlackElo "2164"]
[PlyCount "112"]
[EventDate "2010.09.21"]
[EventType "team"]
[EventRounds "11"]
[EventCountry "RUS"]
[Source "lmi"]
[SourceDate "2010.09.21"]
[WhiteTeam "Mozambique"]
[BlackTeam "Bolivia"]
[WhiteTeamCountry "MOZ"]
[BlackTeamCountry "BOL"]

1. f4 e5 2. d3 exf4 3. Bxf4 d5 4. Nf3 Nf6 5. e3 Be7 6. Be2 O-O 7. O-O c5 8.
Nbd2 Nc6 9. h3 h6 10. Nh2 Bd6 11. Qe1 Bxf4 12. Rxf4 Ne5 13. Qg3 Ng6 14. Rf2 Re8
15. Nb3 Qe7 16. Nf1 b6 17. Re1 Ba6 18. a3 Rac8 19. h4 h5 20. Qg5 Qd7 21. Ng3
Re5 22. Nf5 Rce8 23. Bxh5 Bc8 24. Ref1 Nxh5 25. Qxh5 Qc7 26. Qg5 Bxf5 27. Rxf5
Rxf5 28. Rxf5 Re5 29. h5 Rxf5 30. Qxf5 Ne7 31. Qf4 Qd7 32. Nd2 Qe6 33. Nf3 f6
34. g4 Nc6 35. Kf2 Nd8 36. Qf5 Qd6 37. h6 Ne6 38. hxg7 Kxg7 39. Kg2 d4 40. exd4
Nxd4 41. Nxd4 Qxd4 42. g5 Qxb2 43. gxf6+ Qxf6 44. Qd7+ Qf7 45. Qxf7+ Kxf7 46.
Kf3 Ke6 47. Ke4 b5 48. c3 a5 49. d4 Kd6 50. a4 b4 51. dxc5+ Kxc5 52. Kd3 b3 53.
c4 Kb4 54. c5 Ka3 55. c6 b2 56. Kc4 b1=Q 0-1

[Event "Olimpiada de Khanty-Mansiysk 2010"]
[Site "Khanty-Mansiysk RUS"]
[Date "2010.09.30"]
[Round "9"]
[White "Tsang, Hon Ki"]
[Black "Eichab, Charles Sidney"]
[Result "1-0"]
[WhiteElo "2085"]
[BlackElo "2046"]
[PlyCount "53"]
[EventDate "2010.09.21"]
[EventType "team"]
[EventRounds "11"]
[EventCountry "RUS"]
[Source "lmi"]
[SourceDate "2010.09.21"]
[WhiteTeam "Hong Kong"]
[BlackTeam "Namibia"]
[WhiteTeamCountry "HKG"]
[BlackTeamCountry "NAM"]

1. e4 e6 2. d4 d5 3. e5 c5 4. Nf3 cxd4 5. Bd3 Nc6 6. O-O g6 7. Bf4 Bg7 8. Nbd2
Bd7 9. Nb3 Qb6 10. a4 a6 11. a5 Qc7 12. Re1 Nge7 13. Qd2 O-O 14. Nbxd4 Nxd4 15.
Nxd4 Nc6 16. Nf3 Rac8 17. Ra3 Rfd8 18. Bf1 Bf8 19. Bg5 Bxa3 20. bxa3 Qxa5 21.
Qf4 Qxa3 22. Bf6 Qb4 23. Qh6 Qf8 24. Qh4 Nb4 25. Be7 Qe8 26. Bxb4 Bb5 27. Qh6
1-0

[Event "Olimpiada de Khanty-Mansiysk 2010"]
[Site "Khanty-Mansiysk RUS"]
[Date "2010.09.30"]
[Round "9"]
[White "Muller, Leonhard"]
[Black "Borigas, Edgardo"]
[Result "1-0"]
[WhiteElo "2163"]
[BlackElo "2005"]
[PlyCount "105"]
[EventDate "2010.09.21"]
[EventType "team"]
[EventRounds "11"]
[EventCountry "RUS"]
[Source "lmi"]
[SourceDate "2010.09.21"]
[WhiteTeam "Namibia"]
[BlackTeam "Hong Kong"]
[WhiteTeamCountry "NAM"]
[BlackTeamCountry "HKG"]

1. d4 Nf6 2. c4 e6 3. Nc3 c5 4. d5 d6 5. e4 Be7 6. f4 Nbd7 7. Nf3 e5 8. fxe5
Nxe5 9. Nxe5 dxe5 10. Be2 O-O 11. O-O a6 12. Be3 b6 13. a3 Ne8 14. Qd2 Nd6 15.
b4 Qc7 16. bxc5 bxc5 17. Bd3 Bd7 18. Qf2 Rac8 19. Qc2 f6 20. Ne2 Qa5 21. Bd2
Qa4 22. Qa2 Bg4 23. Nc3 Qd7 24. Qc2 f5 25. h3 fxe4 26. Nxe4 Bf5 27. Nxd6 Bxd3
28. Qxd3 Qxd6 29. Qe4 Rb8 30. Bc3 Bf6 31. Rae1 Rbe8 32. Rf3 Rf7 33. Ref1 Ref8
34. h4 g6 35. Qg4 e4 36. Rxf6 Rxf6 37. Rxf6 Rxf6 38. Bxf6 Qxf6 39. Qxe4 Qa1+
40. Kh2 Qf6 41. a4 Kg7 42. g3 Qf2+ 43. Qg2 Qd4 44. Qe2 h5 45. Kg2 Qf6 46. Qe3
Qb2+ 47. Qf2 Qb4 48. Qc2 Kf6 49. Kf2 Kf7 50. Kf3 Qe1 51. Kg2 Kg7 52. Qd3 Kf7
53. Qf1+ 1-0

[Event "Olimpiada de Khanty-Mansiysk 2010"]
[Site "Khanty-Mansiysk RUS"]
[Date "2010.09.30"]
[Round "9"]
[White "Lee, T H Bryan"]
[Black "Nakapunda, Otto"]
[Result "1-0"]
[WhiteElo "1935"]
[BlackElo "2073"]
[PlyCount "57"]
[EventDate "2010.09.21"]
[EventType "team"]
[EventRounds "11"]
[EventCountry "RUS"]
[Source "lmi"]
[SourceDate "2010.09.21"]
[WhiteTeam "Hong Kong"]
[BlackTeam "Namibia"]
[WhiteTeamCountry "HKG"]
[BlackTeamCountry "NAM"]

1. e4 e5 2. Nf3 Nf6 3. Nxe5 d6 4. Nf3 Nxe4 5. d4 Be7 6. Bd3 d5 7. O-O O-O 8. c4
Nf6 9. h3 h6 10. Nc3 c6 11. Re1 dxc4 12. Bxc4 Nbd7 13. Bb3 Nb6 14. Ne5 a5 15.
Qd3 Nbd5 16. Nxd5 cxd5 17. Bxh6 gxh6 18. Qg3+ Kh7 19. Bc2+ Ne4 20. Rxe4 dxe4
21. Bxe4+ f5 22. Qg6+ Kh8 23. Qxh6+ Kg8 24. Qg6+ Kh8 25. Qh6+ Kg8 26. Bd3 b5
27. Bxb5 Ba6 28. Bxa6 Qd6 29. Bc4+ 1-0

[Event "Olimpiada de Khanty-Mansiysk 2010"]
[Site "Khanty-Mansiysk RUS"]
[Date "2010.09.30"]
[Round "9"]
[White "Ranaivoharisoa, Alain"]
[Black "Sanon, Mondoly"]
[Result "1/2-1/2"]
[WhiteElo "2153"]
[BlackElo "2120"]
[PlyCount "101"]
[EventDate "2010.09.21"]
[EventType "team"]
[EventRounds "11"]
[EventCountry "RUS"]
[Source "lmi"]
[SourceDate "2010.09.21"]
[WhiteTeam "Madagascar"]
[BlackTeam "Haití"]
[WhiteTeamCountry "MAD"]
[BlackTeamCountry "HAI"]

1. e4 e5 2. Nf3 Nc6 3. Bb5 d6 4. d4 Bd7 5. c3 Nf6 6. Nbd2 exd4 7. cxd4 a6 8.
Ba4 b5 9. Bb3 Be7 10. h3 O-O 11. O-O h6 12. Re1 Nh7 13. Nf1 Na5 14. Bc2 c5 15.
e5 Re8 16. exd6 Bxd6 17. Rxe8+ Bxe8 18. dxc5 Be7 19. Qe2 Nf6 20. Be3 Qc7 21.
Rc1 Rd8 22. Ng3 Bc6 23. Nf5 Bf8 24. b3 Nb7 25. Bb1 Re8 26. b4 Nd8 27. Qb2 Bxf3
28. gxf3 Qc6 29. Kh2 Qxf3 30. Rg1 Kh8 31. Qd4 Ne6 32. Qh4 Qh5 33. Qg3 Ng5 34.
Bxg5 Qxg5 35. Qxg5 hxg5 36. Rxg5 Re2 37. Rg1 Rxf2+ 38. Kg3 Rb2 39. Rc1 g6 40.
Ne3 Rxb4 41. c6 Bd6+ 42. Kf3 Bc7 43. Bc2 Kg7 44. Bb3 Rd4 45. Rd1 Rxd1 46. Nxd1
Kf8 47. Nc3 Ke7 48. Ne4 Nxe4 49. Kxe4 g5 50. Kd5 f6 51. Bc2 1/2-1/2

[Event "Olimpiada de Khanty-Mansiysk 2010"]
[Site "Khanty-Mansiysk RUS"]
[Date "2010.09.30"]
[Round "9"]
[White "Maduro, Sherman"]
[Black "Cecchetti, Roberto"]
[Result "1-0"]
[WhiteElo "2009"]
[BlackElo "1930"]
[PlyCount "83"]
[EventDate "2010.09.21"]
[EventType "team"]
[EventRounds "11"]
[EventCountry "RUS"]
[Source "lmi"]
[SourceDate "2010.09.21"]
[WhiteTeam "Antillas Holandesas"]
[BlackTeam "San Marino"]
[WhiteTeamCountry "AHO"]
[BlackTeamCountry "SMR"]

1. Nf3 Nf6 2. d4 b6 3. g3 Bb7 4. Bg2 e6 5. O-O Be7 6. c4 O-O 7. Nc3 Na6 8. Bg5
h6 9. Bxf6 Bxf6 10. e4 g6 11. Qe2 d6 12. Rad1 Qe7 13. a3 Bg7 14. e5 Rfd8 15.
Rd2 Nb8 16. Rd3 Nd7 17. Re3 dxe5 18. Nxe5 Nxe5 19. Bxb7 Rab8 20. Bg2 Nd7 21. d5
e5 22. Nb5 Rf8 23. Nxa7 Rbe8 24. Nc6 Qd6 25. f4 f6 26. Re1 Kh7 27. Bh3 Nb8 28.
Nd4 c6 29. Ne6 Rf7 30. f5 Rfe7 31. fxg6+ Kg8 32. Nd4 cxd5 33. Nf5 Qc5 34. Nxe7+
Rxe7 35. cxd5 Nd7 36. Be6+ Kh8 37. Kg2 Nf8 38. Rc3 Qd4 39. Rc8 f5 40. Rd1 Qa4
41. d6 Re8 42. d7 1-0

[Event "Olimpiada de Khanty-Mansiysk 2010"]
[Site "Khanty-Mansiysk RUS"]
[Date "2010.09.30"]
[Round "9"]
[White "Righi, Ezio"]
[Black "Izijk, Jimmy"]
[Result "1-0"]
[WhiteElo "2116"]
[BlackElo "2062"]
[PlyCount "53"]
[EventDate "2010.09.21"]
[EventType "team"]
[EventRounds "11"]
[EventCountry "RUS"]
[Source "lmi"]
[SourceDate "2010.09.21"]
[WhiteTeam "San Marino"]
[BlackTeam "Antillas Holandesas"]
[WhiteTeamCountry "SMR"]
[BlackTeamCountry "AHO"]

1. e4 c5 2. Nf3 d6 3. d4 cxd4 4. Nxd4 Nf6 5. Nc3 g6 6. Be3 Bg7 7. f3 Bd7 8. Qd2
Nc6 9. O-O-O O-O 10. g4 Rb8 11. h4 Nxd4 12. Bxd4 b5 13. h5 b4 14. Nd5 Nxd5 15.
Bxg7 Kxg7 16. hxg6 h5 17. Rxh5 Rh8 18. Qxd5 Be6 19. Qd4+ f6 20. Bc4 Bxc4 21.
Qxc4 Kxg6 22. e5 Qb6 23. Qe4+ Kg7 24. exf6+ exf6 25. Qe7+ Kg6 26. Rxd6 Rbe8 27.
Qxf6# 1-0

[Event "Olimpiada de Khanty-Mansiysk 2010"]
[Site "Khanty-Mansiysk RUS"]
[Date "2010.09.30"]
[Round "9"]
[White "Da Silva, John"]
[Black "Volpinari, Danilo"]
[Result "1/2-1/2"]
[WhiteElo "2027"]
[BlackElo "2054"]
[PlyCount "134"]
[EventDate "2010.09.21"]
[EventType "team"]
[EventRounds "11"]
[EventCountry "RUS"]
[Source "lmi"]
[SourceDate "2010.09.21"]
[WhiteTeam "Antillas Holandesas"]
[BlackTeam "San Marino"]
[WhiteTeamCountry "AHO"]
[BlackTeamCountry "SMR"]

1. d4 g6 2. e4 Bg7 3. f4 d5 4. e5 e6 5. Nf3 c5 6. c3 cxd4 7. cxd4 Nc6 8. Be3 h5
9. Nc3 Nh6 10. h3 Nf5 11. Bf2 Qb6 12. Qd2 Bd7 13. Na4 Qd8 14. Nc5 b6 15. Nxd7
Qxd7 16. Bb5 a6 17. Bxc6 Qxc6 18. Rc1 Qb7 19. O-O O-O 20. g4 hxg4 21. hxg4 Nh6
22. Nh2 Rfc8 23. Rxc8+ Rxc8 24. Be3 Qe7 25. Rf3 Qh4 26. Bf2 Qe7 27. Rh3 Qc7 28.
Rc3 Qd7 29. Be1 Rxc3 30. Qxc3 Qb5 31. Kf2 Qc4 32. Qxc4 dxc4 33. Ke3 Kf8 34. Ke4
Ke8 35. Bb4 Kd7 36. d5 exd5+ 37. Kxd5 b5 38. Bd6 Ng8 39. Nf3 Nh6 40. Nh2 Ng8
41. a4 Ne7+ 42. Bxe7 Kxe7 43. axb5 axb5 44. Nf3 Kd7 45. Nd4 b4 46. Kxc4 g5 47.
Nf5 Bf8 48. fxg5 Ke6 49. Kd4 b3 50. Nd6 Bg7 51. Nc4 Bf8 52. Kc3 Be7 53. Kxb3
Bxg5 54. Ka4 Kd5 55. Kb5 f6 56. exf6 Bxf6 57. b4 Ke4 58. Kc6 Kf4 59. b5 Bd4 60.
Na3 Kxg4 61. Nc4 Kf5 62. Nd6+ Ke6 63. Nb7 Ba7 64. Na5 Ke7 65. Nc4 Kd8 66. Nb6
Bb8 67. Nd5 Ba7 1/2-1/2

[Event "Olimpiada de Khanty-Mansiysk 2010"]
[Site "Khanty-Mansiysk RUS"]
[Date "2010.09.30"]
[Round "9"]
[White "Radford, Michael"]
[Black "Murara, Maxence"]
[Result "0-1"]
[WhiteElo "1895"]
[BlackElo "1685"]
[PlyCount "32"]
[EventDate "2010.09.21"]
[EventType "team"]
[EventRounds "11"]
[EventCountry "RUS"]
[Source "lmi"]
[SourceDate "2010.09.21"]
[WhiteTeam "Bermuda"]
[BlackTeam "Ruanda"]
[WhiteTeamCountry "BER"]
[BlackTeamCountry "RWA"]

1. d4 d5 2. c4 e6 3. Nc3 Nf6 4. Bg5 Be7 5. e3 O-O 6. Nf3 Nbd7 7. Qc2 c5 8. cxd5
exd5 9. Be2 c4 10. O-O a6 11. Rad1 b5 12. Ne5 Bb7 13. a3 Qc7 14. Bg4 Nxe5 15.
Bxf6 Nxg4 16. Bxe7 Qxh2# 0-1

[Event "Olimpiada de Khanty-Mansiysk 2010"]
[Site "Khanty-Mansiysk RUS"]
[Date "2010.10.01"]
[Round "10"]
[White "Eljanov, Pavel"]
[Black "Tkachiev, Vladislav"]
[Result "1-0"]
[WhiteElo "2761"]
[BlackElo "2632"]
[PlyCount "109"]
[EventDate "2010.09.21"]
[EventType "team"]
[EventRounds "11"]
[EventCountry "RUS"]
[Source "lmi"]
[SourceDate "2010.09.21"]
[WhiteTeam "Ucrania"]
[BlackTeam "Francia"]
[WhiteTeamCountry "UKR"]
[BlackTeamCountry "FRA"]

1. d4 d5 2. c4 e6 3. Nf3 dxc4 4. e3 Nf6 5. Bxc4 a6 6. O-O b5 7. Bd3 Bb7 8. a4
b4 9. Nbd2 c5 10. Qe2 Nbd7 11. e4 cxd4 12. e5 Nd5 13. Nb3 Nc5 14. Nxc5 Bxc5 15.
Bd2 Be7 16. Rfc1 O-O 17. Nxd4 Qd7 18. a5 Rfd8 19. Rc4 Nc7 20. Be4 Bxe4 21. Qxe4
Nb5 22. Nf3 b3 23. Rac1 Rac8 24. Qe3 Rxc4 25. Rxc4 h6 26. Qxb3 Qb7 27. Qc2 Rd7
28. h4 Rc7 29. h5 Bd8 30. Rxc7 Bxc7 31. Qc4 Bd8 32. Ne1 Qd7 33. Nd3 Be7 34. Be3
Qb7 35. Bb6 Qd7 36. b4 Qb7 37. f3 Na3 38. Qc7 Qxc7 39. Bxc7 Kf8 40. Bd6 Nb5 41.
Bxe7+ Kxe7 42. Nc5 Nc7 43. Kf2 g6 44. g4 gxh5 45. gxh5 f6 46. f4 f5 47. Kf3 Kd8
48. Ke2 Nd5 49. Nxe6+ Ke7 50. Nd4 Nxf4+ 51. Kf3 Nd5 52. b5 axb5 53. a6 Nc7 54.
a7 b4 55. Kf4 1-0

[Event "Olimpiada de Khanty-Mansiysk 2010"]
[Site "Khanty-Mansiysk RUS"]
[Date "2010.10.01"]
[Round "10"]
[White "Karjakin, Sergey"]
[Black "Li, Chao B"]
[Result "1/2-1/2"]
[WhiteElo "2747"]
[BlackElo "2633"]
[PlyCount "31"]
[EventDate "2010.09.21"]
[EventType "team"]
[EventRounds "11"]
[EventCountry "RUS"]
[Source "lmi"]
[SourceDate "2010.09.21"]
[WhiteTeam "RU1"]
[BlackTeam "China"]
[BlackTeamCountry "CHN"]

1. e4 e5 2. Nf3 Nf6 3. Nxe5 d6 4. Nf3 Nxe4 5. Nc3 Nxc3 6. dxc3 Be7 7. Be3 Nc6
8. Qd2 Be6 9. O-O-O Qd7 10. Kb1 Bf6 11. h4 O-O-O 12. Ng5 Bf5 13. Bc4 Ne5 14.
Bb3 h6 15. Nh3 Bg4 16. f3 1/2-1/2

[Event "Olimpiada de Khanty-Mansiysk 2010"]
[Site "Khanty-Mansiysk RUS"]
[Date "2010.10.01"]
[Round "10"]
[White "Sutovsky, Emil"]
[Black "Kamsky, Gata"]
[Result "1-0"]
[WhiteElo "2665"]
[BlackElo "2705"]
[PlyCount "59"]
[EventDate "2010.09.21"]
[EventType "team"]
[EventRounds "11"]
[EventCountry "RUS"]
[Source "lmi"]
[SourceDate "2010.09.21"]
[WhiteTeam "Israel"]
[BlackTeam "Estados Unidos"]
[WhiteTeamCountry "ISR"]
[BlackTeamCountry "USA"]

1. e4 c5 2. Nf3 e6 3. Nc3 a6 4. d4 cxd4 5. Nxd4 b5 6. Bd3 Qb6 7. Nf3 Nc6 8. O-O
Nge7 9. Be3 Qc7 10. Bxb5 Rb8 11. Bxc6 Nxc6 12. b3 Bb7 13. Nd5 exd5 14. exd5 Nd8
15. Re1 Ne6 16. Qd2 Bb4 17. Qxb4 Bxd5 18. Qd2 Bxf3 19. Bf4 d6 20. gxf3 Rd8 21.
Rad1 O-O 22. Bxd6 Qc8 23. f4 Nc5 24. Qc3 Rfe8 25. Rxe8+ Rxe8 26. f3 Rd8 27. Rd5
Qe6 28. Qxc5 Rc8 29. Qxc8+ Qxc8 30. Be7 1-0

[Event "Olimpiada de Khanty-Mansiysk 2010"]
[Site "Khanty-Mansiysk RUS"]
[Date "2010.10.01"]
[Round "10.3"]
[White "Salgado Lopez, Ivan"]
[Black "Mchedlishvili, Mikheil"]
[Result "1/2-1/2"]
[WhiteElo "2595"]
[BlackElo "2628"]
[PlyCount "36"]
[EventDate "2010.09.21"]
[EventType "team"]
[EventRounds "11"]
[EventCountry "RUS"]
[Source "lmi"]
[SourceDate "2010.09.21"]
[WhiteTeam "España"]
[BlackTeam "Georgia"]
[WhiteTeamCountry "ESP"]
[BlackTeamCountry "GEO"]

1. e4 c6 2. d4 d5 3. Nc3 dxe4 4. Nxe4 Bf5 5. Ng3 Bg6 6. h4 h6 7. Nf3 Nd7 8. h5
Bh7 9. Bd3 Bxd3 10. Qxd3 e6 11. Bd2 Ngf6 12. O-O-O Bd6 13. Ne4 Nxe4 14. Qxe4
Qe7 15. Ne5 Bc7 16. Kb1 O-O-O 17. Qe2 Nxe5 18. dxe5 Rd5 1/2-1/2

[Event "Olimpiada de Khanty-Mansiysk 2010"]
[Site "Khanty-Mansiysk RUS"]
[Date "2010.10.01"]
[Round "10"]
[White "Socko, Bartosz"]
[Black "Vuckovic, Bojan"]
[Result "1/2-1/2"]
[WhiteElo "2657"]
[BlackElo "2615"]
[PlyCount "58"]
[EventDate "2010.09.21"]
[EventType "team"]
[EventRounds "11"]
[EventCountry "RUS"]
[Source "lmi"]
[SourceDate "2010.09.21"]
[WhiteTeam "Polonia"]
[BlackTeam "SRB"]
[WhiteTeamCountry "POL"]

1. e4 c5 2. Nf3 Nc6 3. d4 cxd4 4. Nxd4 Nf6 5. Nc3 e5 6. Ndb5 d6 7. Bg5 a6 8.
Na3 b5 9. Nd5 Be7 10. Bxf6 Bxf6 11. c4 b4 12. Nc2 O-O 13. h4 a5 14. g3 Be6 15.
Bg2 Be7 16. O-O Rb8 17. Qd3 Qd7 18. Nxe7+ Qxe7 19. b3 Rfd8 20. Rad1 a4 21. Rd2
Ra8 22. Rfd1 Qa7 23. Kh2 Qc5 24. Bh3 axb3 25. axb3 Ra2 26. Ne3 Ra3 27. Nc2 Ra2
28. Ne3 Ra3 29. Nc2 Ra2 1/2-1/2